| 000 | 00992nam a2200205Ia 4500 | ||
|---|---|---|---|
| 003 | GCL | ||
| 008 | 140319s9999 xx 000 0 ara d | ||
| 040 |
_aGCL / _cGCL |
||
| 082 | 0 | 4 |
_a343.025 _bع ق |
| 100 | 1 |
_aعبدالفتاح مراد _vReviewer _@ _٠راجع |
|
| 245 | 1 | 0 |
_aقانون المحال الصناعية والتجارية والقرارات المكمله له ومشكلاته العملية طبقا لأحدث التعديلات / _cعبدالفتاح مراد |
| 260 |
_aالقاهرة : _bشركة البهاء للبرمجيات والكومبيوتر والنشر الالكترونى ، _c2003 |
||
| 300 |
_a276 ص ؛ _c16 سم |
||
| 650 | 0 | 4 | _aالمبيعات - قوانين وتشريعات |
| 650 | 0 | 4 | _aالمتاجر - قوانين وتشريعات |
| 650 | 0 | 4 | _aالمحال العامة - قوانين وتشريعات |
| 650 | 0 | 4 | _aالعقارات - قوانين وتشريعات |
| 650 | 0 | 4 | _aالمحال التجارية |
| 942 |
_2ddc _cBK |
||
| 999 |
_c6381 _d6381 |
||